000 00510nam a22001817a 4500
005 20260401132818.0
008 260401b |||||||| |||| 00| 0 eng d
037 _cDSWL
040 _aDSWL
_cDSWL
041 _heng
100 _aHilhorst, Dorothea
_91234030
245 _aReal World of NGO's : Discourses, Diversity and Development
260 _aLondon,
_bZed Books,
_c2003
300 _a257p
365 _aGBP
_b27.99
942 _2CC
_cTEXL
_n0
999 _c1847955
_d1847955